| 000 | 00353nam a2200145Ia 4500 | ||
|---|---|---|---|
| 005 | 20250729165643.0 | ||
| 008 | 250729s1981 xx 000 0 und d | ||
| 041 | _aeng | ||
| 082 | _a616.994 | ||
| 100 |
_aEwan Cameron _9229776 |
||
| 245 | _aCancer and Vitaminc | ||
| 260 |
_aNewyork _bWarner Books _c1981 |
||
| 300 | _a238p | ||
| 650 |
_aScience _9229777 |
||
| 999 |
_c238451 _d238451 |
||